Precálculo: matemáticas para el cálculo

সংরক্ষণ করুন:
গ্রন্থ-পঞ্জীর বিবরন
প্রধান লেখক: Stewart, James (Author), Redlin, Lothar (Author), Watson, Saleem (Author)
বিন্যাস: গ্রন্থ
ভাষা:স্প্যানিশ
প্রকাশিত: Ciudad de México Cengage Learning 2007
সংস্করন:5a. ed
বিষয়গুলি:
ট্যাগগুলো: ট্যাগ যুক্ত করুন
কোনো ট্যাগ নেই, প্রথমজন হিসাবে ট্যাগ করুন!

MARC

LEADER 00000cam a2200000 a 4500
001 UCG9970
003 CL-VaPUC
008 120420e20070000MX |||||||||||||||||spa|d
020 |a 9789706866387 
082 0 4 |a 515  |b STE  |2 21 
100 0 |a Stewart, James  |e author  |9 320 
700 0 |a Redlin, Lothar  |e author  |9 561755 
700 0 |a Watson, Saleem  |e author  |9 561756 
245 1 0 |a Precálculo: matemáticas para el cálculo 
250 |a 5a. ed 
300 |a 933 p 
942 |c BK 
945 |d 20120420 00:00:00  |a dcastane 
260 |a Ciudad de México  |b Cengage Learning  |c 2007 
500 |a Incluye Cd con material complementario 
650 0 |a Cálculo  |9 260234 
650 0 |a Funciones (Matemáticas)  |9 338128 
650 0 |a Geometría analítica   |9 260062 
650 0 |a Álgebra  |9 259567 
650 0 |a Trigonometría   |9 259568 
583 |a last modification  |c 20130408 01:45:26  |k Rodrigo Vera 
999 |c 347495  |d 347493 
952 |0 0  |1 0  |4 0  |6 515_000000000000000_STE_2007  |7 0  |8 A  |9 448880  |a BIBCUR  |b BIBCUR  |d 2019-11-22  |i 4856562  |l 26  |o 515 STE 2007  |p 4856562  |r 2025-05-07  |s 2025-04-30  |w 2019-11-22  |y BK  |k BAC 
952 |0 0  |1 0  |4 0  |6 515_000000000000000_STE_2007  |7 0  |8 A  |9 448881  |a BIBCUR  |b BIBCUR  |d 2019-11-22  |i 4856570  |l 26  |m 4  |o 515 STE 2007  |p 4856570  |r 2025-04-22  |s 2025-03-11  |w 2019-11-22  |y BK  |k BAC 
952 |0 0  |1 0  |4 0  |6 515_000000000000000_STE_2007  |7 0  |8 A  |9 448882  |a BIBCUR  |b BIBCUR  |d 2019-11-22  |i 4856589  |l 17  |m 1  |o 515 STE 2007  |p 4856589  |r 2025-04-22  |s 2024-05-02  |w 2019-11-22  |y BK  |k BAC 
952 |0 0  |1 0  |4 0  |6 515_000000000000000_STE_2007  |7 0  |8 A  |9 448883  |a BIBCUR  |b BIBCUR  |d 2019-11-22  |i 4856597  |l 13  |m 1  |o 515 STE 2007  |p 4856597  |r 2025-04-22  |s 2023-08-28  |w 2019-11-22  |y BK  |k BAC 
952 |0 0  |1 0  |4 0  |6 515_000000000000000_STE_2007  |7 0  |8 A  |9 448884  |a BIBMEC  |b BIBMEC  |d 2019-11-22  |i 4963091  |l 2  |o 515 STE 2007  |p 4963091  |r 2024-01-19  |s 2023-05-16  |w 2019-11-22  |y BK  |k MEC 
952 |0 0  |1 0  |4 0  |6 515_000000000000000_STE_2007  |7 0  |8 A  |9 448886  |a BIBMEC  |b BIBMEC  |d 2019-11-22  |i 4963113  |l 1  |o 515 STE 2007  |p 4963113  |r 2024-01-19  |s 2022-09-07  |w 2019-11-22  |y BK  |k MEC 
952 |0 0  |1 0  |4 0  |6 515_000000000000000_STE_2007  |7 0  |8 A  |9 448887  |a BIBMEC  |b BIBMEC  |d 2019-11-22  |i 4963121  |l 2  |o 515 STE 2007  |p 4963121  |r 2024-04-17  |s 2023-05-31  |w 2019-11-22  |y BK  |k MEC 
952 |0 0  |1 0  |4 0  |6 515_000000000000000_STE_2007  |7 0  |8 A  |9 448888  |a BIBMEC  |b BIBMEC  |d 2019-11-22  |i 496313K  |l 2  |o 515 STE 2007  |p 496313K  |r 2024-01-19  |s 2023-06-20  |w 2019-11-22  |y BK  |k MEC